| 000 | 03164nam a22003857a 4500 | ||
|---|---|---|---|
| 005 | 20100925150228.0 | ||
| 010 | _aB-414113-128 | ||
| 020 |
_a9788170493518 _c295.00 |
||
| 035 | _aB-414113-128 | ||
| 037 | _bPUB | ||
| 082 | _aN | ||
| 100 |
_aJha, Aparna _921656 |
||
| 245 |
_aMemsahib / _cby Aparna Jha |
||
| 260 |
_aNew Delhi _bManas Publications _c2009 |
||
| 270 |
_a4402/5A, Main Ansari Road, (Opp. HDFC Bank),Daryaganj _bNew Delhi _e110002 |
||
| 300 |
_a203p. _c24cm(Hb) |
||
| 942 |
_2ddc _cEN _mJHA _hN |
||
| 999 |
_c35622 _d35622 |
||